MARC details
| 000 -LEADER |
| fixed length control field |
03081nam a2200373 a 4500 |
| 008 - FIXED-LENGTH DATA ELEMENTS--GENERAL INFORMATION |
| fixed length control field |
080109s1988 ||||||||||||||||| || u |
| 020 ## - INTERNATIONAL STANDARD BOOK NUMBER |
| International Standard Book Number |
0412341204 |
| 050 ## - LIBRARY OF CONGRESS CALL NUMBER |
| Classification number |
HF 5635 Dru |
| 100 ## - MAIN ENTRY--PERSONAL NAME |
| Personal name |
Drury, Colin |
| 245 10 - TITLE STATEMENT |
| Title |
Management and cost accounting. (2nd ed.) |
| 250 ## - EDITION STATEMENT |
| Edition statement |
2nd ed. |
| 260 ## - PUBLICATION, DISTRIBUTION, ETC. |
| Place of publication, distribution, etc. |
London: |
| Name of publisher, distributor, etc. |
Chapman and Hall |
| Date of publication, distribution, etc. |
1988 |
| 300 ## - PHYSICAL DESCRIPTION |
| Extent |
xx, 859p. : ill. |
| 350 ## - |
| -- |
0.00 |
| 650 #0 - SUBJECT ADDED ENTRY--TOPICAL TERM |
| Topical term or geographic name entry element |
ACCOUNTING--HANDBOOKS, MANUALS, ETC |
| 650 #0 - SUBJECT ADDED ENTRY--TOPICAL TERM |
| Topical term or geographic name entry element |
MANAGERIAL ACCOUNTING |
| 650 #0 - SUBJECT ADDED ENTRY--TOPICAL TERM |
| Topical term or geographic name entry element |
COST ACCOUNTING |
| 995 ## - |
| -- |
BINDERY (DAMAGED) |
| -- |
0.00 |
| -- |
734397 |
| -- |
CBU-MAIN LIBRARY (Kitwe) |
| -- |
1 |
| -- |
20.95 |
| -- |
HF 5635 Dru |
| -- |
2 |
| -- |
DAMAGED |
| -- |
46965 |
| -- |
Main Library Open Access Collection |
| 995 ## - |
| -- |
MAIN LIBRARY OPEN ACCESS |
| -- |
0.00 |
| -- |
734399 |
| -- |
CBU-MAIN LIBRARY (Kitwe) |
| -- |
2 |
| -- |
20.95 |
| -- |
HF 5635 Dru |
| -- |
3 |
| -- |
AVAILABLE |
| -- |
46941 |
| -- |
Main Library Open Access Collection |
| 995 ## - |
| -- |
BINDERY (DAMAGED) |
| -- |
0.00 |
| -- |
735825 |
| -- |
CBU-MAIN LIBRARY (Kitwe) |
| -- |
7 |
| -- |
20.95 |
| -- |
HF 5635 Dru |
| -- |
DAMAGED |
| -- |
48833 |
| -- |
Main Library Open Access Collection |
| 995 ## - |
| -- |
BINDERY (DAMAGED) |
| -- |
0.00 |
| -- |
734862 |
| -- |
CBU-MAIN LIBRARY (Kitwe) |
| -- |
8 |
| -- |
20.95 |
| -- |
HF 5635 Dru |
| -- |
DAMAGED |
| -- |
38013 |
| -- |
Main Library Open Access Collection |
| 995 ## - |
| -- |
BINDERY (DAMAGED) |
| -- |
0.00 |
| -- |
734394 |
| -- |
CBU-MAIN LIBRARY (Kitwe) |
| -- |
10 |
| -- |
20.95 |
| -- |
HF 5635 Dru |
| -- |
10 |
| -- |
DAMAGED |
| -- |
Jun 20, 2006 |
| -- |
46944 |
| -- |
Main Library Open Access Collection |
| 995 ## - |
| -- |
MAIN LIBRARY OPEN ACCESS |
| -- |
0.00 |
| -- |
735828 |
| -- |
CBU-MAIN LIBRARY (Kitwe) |
| -- |
1 |
| -- |
0.00 |
| -- |
HF 5635 Dru |
| -- |
16 |
| -- |
LOST |
| -- |
Feb 22, 2013 |
| -- |
Jan 19, 2007 |
| -- |
48840 |
| -- |
Main Library Open Access Collection |
| 995 ## - |
| -- |
MAIN LIBRARY OPEN ACCESS |
| -- |
0.00 |
| -- |
734395 |
| -- |
CBU-MAIN LIBRARY (Kitwe) |
| -- |
12 |
| -- |
20.95 |
| -- |
HF 5635 Dru |
| -- |
12 |
| -- |
AVAILABLE |
| -- |
46943 |
| -- |
Main Library Open Access Collection |
| 995 ## - |
| -- |
MAIN LIBRARY OPEN ACCESS |
| -- |
0.00 |
| -- |
734396 |
| -- |
CBU-MAIN LIBRARY (Kitwe) |
| -- |
6 |
| -- |
20.95 |
| -- |
HF 5635 Dru |
| -- |
6 |
| -- |
AVAILABLE |
| -- |
46966 |
| -- |
Main Library Open Access Collection |
| 995 ## - |
| -- |
MAIN LIBRARY OPEN ACCESS |
| -- |
0.00 |
| -- |
734398 |
| -- |
CBU-MAIN LIBRARY (Kitwe) |
| -- |
11 |
| -- |
20.95 |
| -- |
HF 5635 Dru |
| -- |
11 |
| -- |
AVAILABLE |
| -- |
46968 |
| -- |
Main Library Open Access Collection |
| 995 ## - |
| -- |
ANNEX COLLECTION (Main Library) |
| -- |
0.00 |
| -- |
046941 |
| -- |
CBU-MAIN LIBRARY (Kitwe) |
| -- |
4 |
| -- |
20.95 |
| -- |
HF 5635 Dru |
| -- |
AVAILABLE |
| -- |
046941 |
| -- |
Annex Low-Usage Collection |
| 995 ## - |
| -- |
BINDERY (DAMAGED) |
| -- |
0.00 |
| -- |
735827 |
| -- |
CBU-MAIN LIBRARY (Kitwe) |
| -- |
3 |
| -- |
20.95 |
| -- |
HF 5635 Dru |
| -- |
4 |
| -- |
DAMAGED |
| -- |
48835 |
| -- |
Main Library Open Access Collection |
| 995 ## - |
| -- |
BINDERY (DAMAGED) |
| -- |
0.00 |
| -- |
735826 |
| -- |
CBU-MAIN LIBRARY (Kitwe) |
| -- |
9 |
| -- |
20.95 |
| -- |
HF 5635 Dru |
| -- |
DAMAGED |
| -- |
48837 |
| -- |
Main Library Open Access Collection |
| 995 ## - |
| -- |
BINDERY (DAMAGED) |
| -- |
0.00 |
| -- |
734400 |
| -- |
CBU-MAIN LIBRARY (Kitwe) |
| -- |
13 |
| -- |
20.95 |
| -- |
HF 5635 Dru |
| -- |
13 |
| -- |
DAMAGED |
| -- |
Jul 7, 2006 |
| -- |
46967 |
| -- |
Main Library Open Access Collection |
| 995 ## - |
| -- |
SHORT LOAN BOOKS |
| -- |
0.00 |
| -- |
718799 |
| -- |
CBU-MAIN LIBRARY (Kitwe) |
| -- |
1 |
| -- |
0.00 |
| -- |
HF 5635 Dru |
| -- |
16 |
| -- |
LOST |
| -- |
Feb 26, 2013 |
| -- |
May 15, 2011 |
| -- |
005510 |
| -- |
Short Loan Collection |
| 995 ## - |
| -- |
MAIN LIBRARY OPEN ACCESS |
| -- |
0.00 |
| -- |
734398 |
| -- |
CBU-MAIN LIBRARY (Kitwe) |
| -- |
14 |
| -- |
20.95 |
| -- |
HF 5635 Dru |
| -- |
1 |
| -- |
AVAILABLE |
| -- |
46960 |
| -- |
Main Library Open Access Collection |
| 995 ## - |
| -- |
BINDERY (DAMAGED) |
| -- |
0.00 |
| -- |
734393 |
| -- |
CBU-MAIN LIBRARY (Kitwe) |
| -- |
1 |
| -- |
0.00 |
| -- |
HF 5635 Dru |
| -- |
14 |
| -- |
DAMAGED |
| -- |
Jan 18, 2007 |
| -- |
46939 |
| -- |
Main Library Open Access Collection |
| 999 ## - |
| -- |
82397 |
| -- |
82397 |